Countries of Asia With the Letter Y - Statistics

General Stats
  • This quiz has been taken 63 times
  • The average score is 6 of 7
Answer Stats
Countries % Correct
Yemen
100%
Malaysia
91%
Kyrgyzstan
89%
Syria
82%
Myanmar
78%
Turkey
78%
Cyprus
67%
No matching quizzes found
Score Distribution
Percent of People with Each Score
Percentile by Number Answered
Your Score History
You have not taken this quiz